Wonderland - Taylor Swift (All Lyrics) - Statistics

General Stats
  • This quiz has been taken 273 times
  • The average score is 302 of 363
Answer Stats
Answer % Correct
a
99%
and
99%
And
99%
I
99%
we
99%
We
99%
You
99%
you
99%
in
98%
In
98%
it
98%
Wonderland
97%
go
96%
last
96%
lost
96%
got
95%
found
94%
me
94%
me?
94%
to
94%
Didn't
93%
didn't
93%
the
93%
flash
92%
your
92%
eye
91%
at
90%
don't
89%
eyes
89%
for
89%
green
89%
on
89%
tell
89%
they
89%
us
89%
but
88%
But
88%
forever
87%
into
85%
never
85%
of
85%
Oh
85%
oh
85%
rush
85%
things?
85%
turn
85%
all
84%
could
84%
hole
84%
rabbit
84%
seem
84%
was
84%
better
83%
mind
83%
too
83%
down
82%
fell
82%
new
82%
around
80%
So
80%
so
80%
worse
80%
arms
79%
lights
79%
what
79%
with
79%
exciting?
78%
Flashing
78%
pretended
78%
took
78%
life
77%
twisting
77%
wrong
77%
felt
76%
night
73%
one
73%
open
72%
have
70%
smile?
70%
were
70%
'cause
69%
curious
69%
as
68%
held
68%
minds?
68%
control
66%
out
66%
seems
66%
cat
65%
slept
65%
went
64%
my
63%
talking
63%
becomes
61%
eh
61%
spinning
61%
should
60%
tight
60%
turned
60%
Haven't
58%
it's
58%
nothing's
58%
screams
58%
our
57%
heard
56%
Cheshire
54%
fears
54%
strangers
54%
their
54%
think
54%
somebody
53%
straight
53%
way
53%
whispers
53%
darling
52%
there
52%
fun
51%
gone
51%
loses
51%
love
51%
'til
51%
games
50%
had
50%
Ooh
49%
or
49%
watching
49%
seemed
47%
end
46%
reached
46%
alone
45%
both
45%
calm
45%
mad
45%
back
39%
like
39%
searched
39%
world
39%
home
37%
feel
36%
knew
34%
something
33%
else
31%
make
31%
eh-eh
28%
No matching quizzes found
Score Distribution
Percent of People with Each Score
Percentile by Number Answered
Your Score History
You have not taken this quiz